01417nam a2200265 a 450000500170000001000170001702000260003403500170006003500130007703700270009008200110011710000280012824501090015626000480026527000580031330000280037150000510039952000860045070000270053694200250056399900170058895202000060595202040080595201420100920100510120235.0 aB-425044-045 c950.00a9788173053634 aB-425044-045 aG-001452 bResearchco Book Centre a954.08 aMoses, Mohandas 934879 aDialogue of civilizations:cby Mohandas Moses (and) Achala Moulik bWilliam Jones and the orientalists / aNew Delhi bAryan Books Internationalc2009 aPooja Apartments 4B, Anasri Road, bNew Delhie110002 axvi, 440p. c23 cm(Hb)  aIncludes bibliographical references and index  aSelection of short stories by 20th century Hindi authors translated into English. a Moulik, Achala932026 2ddccENmMOSh954.08 c35874d35874 001040708NFICaLbLd2011-08-10eResearchco Book Centre/RBC-22386/2011-12/14.3.11/76/4.3.11/23.3.11g950.00l1o954.08 MOSpB-425044r2018-02-03 00:00:00s2018-01-22t1v950.00w2011-08-10yEN 001040708NFICaZLSbZLSd2011-08-10eResearchco Book Centre/RBC-22386/2011-12/14.3.11/76/4.3.11/23.3.11g950.00l2o954.08 MOSpB-425045r2021-04-08 00:00:00s2021-03-15t1v950.00w2011-08-10yEN 001040708NFICaJPbJPd2011-09-26egiftg95.00l3m4o954.08 MOSpG-001452r2020-10-21 00:00:00s2020-09-09t1v950.00w2011-09-26yEN